Luật các tổ chức tín dụng
Luật các tổ chức tín dụng gồm 10 chương, 163 điều. Ngoài những quy định chung các điều khoản thi hành, Luật quy định cụ thể những vấn đề sau: Về giấy phép; tổ chức, quản trị, điều hành của tổ chức tín dụng; hoạt động của tổ chức tín d...
Guardat en:
| Autor corporatiu: | , |
|---|---|
| Format: | Llibre |
| Idioma: | Undetermined |
| Publicat: |
Hà Nội
Chính trị quốc gia
2010
|
| Matèries: | |
| Etiquetes: |
Afegir etiqueta
Sense etiquetes, Sigues el primer a etiquetar aquest registre!
|
| Thư viện lưu trữ: | Trung tâm Học liệu Trường Đại học Cần Thơ |
|---|
| LEADER | 01729nam a2200241Ia 4500 | ||
|---|---|---|---|
| 001 | CTU_159697 | ||
| 008 | 210402s9999 xx 000 0 und d | ||
| 020 | |c 20000 | ||
| 082 | |a 346.597082 | ||
| 082 | |b V308 | ||
| 110 | |a Việt Nam (Cộng hòa xã hội Chủ nghĩa) | ||
| 110 | |b Quốc hội | ||
| 245 | 0 | |a Luật các tổ chức tín dụng | |
| 245 | 0 | |c Việt Nam (Cộng hòa xã hội Chủ nghĩa). Quốc hội | |
| 260 | |a Hà Nội | ||
| 260 | |b Chính trị quốc gia | ||
| 260 | |c 2010 | ||
| 520 | |a Luật các tổ chức tín dụng gồm 10 chương, 163 điều. Ngoài những quy định chung các điều khoản thi hành, Luật quy định cụ thể những vấn đề sau: Về giấy phép; tổ chức, quản trị, điều hành của tổ chức tín dụng; hoạt động của tổ chức tín dụng; Văn phòng đại diện của tổ chức tín dụng nước ngoài, tổ chức nước ngoài khác có hoạt động ngân hàng; các hạn chế để bảo đảm an toàn trong hoạt động của tổ chức tín dụng; tài chính, hạch toán, báo cáo; kiểm soát đặc biệt, tổ chức lại, phá sản, giải thể, thanh lý tổ chức tín dụng; cơ quan quản lý Nhà nước và điều khoản thi hành luật này. | ||
| 650 | |a Finance,Tài chính | ||
| 650 | |x Law and legislation,Luật và văn bản quy phạm pháp luật | ||
| 650 | |z Vietnam,Việt Nam | ||
| 904 | |i Trọng Hải | ||
| 980 | |a Trung tâm Học liệu Trường Đại học Cần Thơ | ||